Statystyki dla Z jakiego kraju pochodzą te kluby#2

Kliknij tutaj aby rozwiązać quiz!

Ogólne statystyki

  • Ten quiz został rozwiązany 88 razy
  • Średni wynik to 15 z 20

Statystyki odpowiedzi

HintOdpowiedź% Poprawnych
__Malmö FK.Szwecja
98%
4_Lokomotiva Zagreb.Chorwacja
92%
__Floria Tallinn.Estonia
92%
__Krasnodar FK.Rosja
92%
1(CSKA Sofia.Bułgaria
90%
__Circle brugge.Belgia
89%
_:)Stade de reims.Francja
89%
__Viking fk.Norwegia
87%
__Melbourne city.Australia
86%
&_Aalborg BK.Dania
80%
-_Cork City.Irlandia
80%
.$FK Partizan.Serbia
76%
+-Hansa Rostock.Niemcy
75%
__Dudelange.Luksemburg
72%
_3Dundee FC.Szkocja
71%
__Inter Turku.Finlandia
60%
__Kalmar FK.Szwecja
60%
-_Forest Green Rovers.Anglia
58%
_Jak mija Dzień?Europa FC.Gibraltar
51%
5-Audax italiano.Chile
17%

Rozkład punktacji

Percentyl według liczby udzielonych odpowiedzi

Procent ludzi z każdym wynikiem

Twoja historia wyników

Nie rozwiązałeś tego quizu